Okresy geologiczne - Statystyki

Ogólne statystyki
  • Ten quiz został rozwiązany 461 razy
  • Średni wynik to 9 z 22
Statystyki odpowiedzi
Era Początek Okres % Poprawnych
Mezozoik 201,4 mln Jura
90%
Mezozoik 145,0 mln Kreda
88%
Paleozoik 538,8 mln Kambr
81%
Mezozoik 251,9 mln Trias
81%
Kenozoik 2,58 mln Czwartorzęd
76%
Paleozoik 358,9 mln Karbon
73%
Paleozoik 298,9 mln Perm
72%
Paleozoik 443,8 mln Sylur
71%
Paleozoik 485,4 mln Ordowik
70%
Paleozoik 419,2 mln Dewon
69%
Kenozoik 23,03 mln Neogen
68%
Kenozoik 66,0 mln Paleogen
65%
Neoproterozoik 635 mln Ediakar
5%
Neoproterozoik 720 mln Kriogen
5%
Neoproterozoik 1000 mln Ton
4%
Mezoproterozoik 1400 mln Ektas
2%
Mezoproterozoik 1600 mln Kalim
2%
Paleoproterozoik 2050 mln Orosir
2%
Paleoproterozoik 2300 mln Riak
2%
Paleoproterozoik 2500 mln Sider
2%
Paleoproterozoik 1800 mln Stater
2%
Mezoproterozoik 1200 mln Sten
2%
Nie znaleziono quizów pasujących do podanych kryteriów
Rozkład punktacji
Procent ludzi z każdym wynikiem
Percentyl według liczby udzielonych odpowiedzi
Twoja historia wyników
Nie rozwiązałeś tego quizu